Contenidos y Estratégias de Lectura Nivel Básico (Record no. 9972)

MARC details
000 -LEADER
campo de control de longitud fija 00393nam a2200133Ia 4500
001 - NÚMERO DE CONTROL
campo de control 838
008 - DATOS DE LONGITUD FIJA--INFORMACIÓN GENERAL
campo de control de longitud fija 241024s9999 xx 000 0 und d
082 ## - NÚMERO DE LA CLASIFICACIÓN DECIMAL DEWEY
Número de clasificación RD/028.9/426c/de
100 ## - ENTRADA PRINCIPAL--NOMBRE DE PERSONA
Nombre de persona República Dominicana.Secretaría de Estado de Educación
245 #0 - MENCIÓN DEL TÍTULO
Título Contenidos y Estratégias de Lectura Nivel Básico
260 ## - PUBLICACIÓN, DISTRIBUCIÓN, ETC.
Nombre del editor, distribuidor, etc. Ed. Centenario
Fecha de publicación, distribución, etc. 1998
901 ## - ELEMENTOS DE DATOS A LOCAL LDA (RLIN)
a 6/12/2010 9:45:01 a.m.

No items available.

© 2024. Todos los Derechos Reservados. Desarrollado por IDEICE